000 01387nam0a22003131 4500
001 rc\2247172
005 20250623025101.0
035 _a(NLR Aleph) 006535818
090 _a6583260
_c6583260
100 _a20110826d1978 |||y0rusy50 ca
101 0 _arus
102 _aRU
105 _aa z |||||
200 1 _aПредложения по повышению пластической выразительности зданий массового строительства
_fЗон. н.-и. и проект. ин-т типового и эксперим. проектирования жилых и обществ. зданий в г. Тбилиси
210 _aТбилиси
_cТбилЗНИИЭП
_d1978
215 _a77 с.
_cил.
_d19х26
320 _aБиблиогр.: с. 75-76 (33 назв.)
606 _aФасады
_xАрхитектурно-строительное проектирование
_2psbo
606 _aАрхитектурные формы
_2psbo
686 _aН71-022.53,0
_2rubbk
700 1 _7ca
_8rus
_aГаврилова
_bН. Б.
_cканд. архитектуры
_gНаталия Борисовна
_9264416
_3RU\NLR\AUTH\770264472
801 0 _aRU
_bNLR
_gpsbo
801 1 _aRU
_bELAR
_2rusmarc
852 _aNLR
_j79-7/884
899 _aRuMoRGB
_jБ Фол-33/20
899 _aRuMoRGB
_jБ Фол-33/21
942 _cBOOK
980 _aNB